| 000 | 00770cam a22002535a 4500 | ||
|---|---|---|---|
| 001 | 16656609 | ||
| 005 | 20180227112617.0 | ||
| 008 | 110217s2015 nyua frb 001 0 eng d | ||
| 020 | _a9781259254284 | ||
| 020 | _a1259254283 | ||
| 040 |
_aDLC _cDLC _dDLC _dEG-ScBUE _beng |
||
| 082 | 0 | 4 |
_222 _a616.0019 _bTAY |
| 100 | 1 | _aTaylor, Shelley E. | |
| 245 | 1 | 0 |
_aHealth psychology / _cShelley E. Taylor. |
| 250 | _a9th ed., International ed. | ||
| 260 |
_aNew York : _bMcGraw-Hill, _c2015. |
||
| 300 |
_axviii, 430 p. : _bill. ; _c27 cm. |
||
| 504 | _aIncludes bibliographical references and index. | ||
| 650 | 7 |
_aClinical health psychology. _2BUEsh _937364 |
|
| 650 | 7 |
_aMedicine, Psychosomatic. _2BUEsh |
|
| 651 | _2BUEsh | ||
| 653 |
_bGGEN _cFebruary2018 |
||
| 942 | _2ddc | ||
| 999 |
_c26181 _d26153 |
||